Normal view
MARC view
- Gibran Saleheen Sarmad
Entry Personal Name
001 - CONTROL NUMBER
- control field: 91275
003 - CONTROL NUMBER IDENTIFIER
- control field: NUST
005 - DATE AND TIME OF LATEST TRANSACTION
- control field: 20220429101244.0
008 - FIXED-LENGTH DATA ELEMENTS
- fixed length control field: 220429|| aca||aabn | a|a d
040 ## - CATALOGING SOURCE
- Original cataloging agency: NUST
- Transcribing agency: NUST
100 ## - HEADING--PERSONAL NAME
- Personal name: Gibran Saleheen Sarmad
670 ## - SOURCE DATA FOUND
- Source citation: Work cat.: (NUST): Gibran Saleheen Sarmad, TH-SOF-1986-Linking Quality Management Practices, Organizational Ambidexterity, and Green Innovation The Drivers of Sustainable Performance, 2022.
